Economics, taxations, and agrarian reform / (Record no. 598)

MARC details
000 -LEADER
fixed length control field 00655nam a22002177a 4500
005 - DATE AND TIME OF LATEST TRANSACTION
control field 20230608060114.0
008 - FIXED-LENGTH DATA ELEMENTS--GENERAL INFORMATION
fixed length control field 230123b |||||||| |||| 00| 0 eng d
020 ## - INTERNATIONAL STANDARD BOOK NUMBER
International Standard Book Number 978-971-98-0876-3
082 ## - DEWEY DECIMAL CLASSIFICATION NUMBER
Classification number Fil. 338.9 M 266 2018
100 ## - MAIN ENTRY--PERSONAL NAME
Personal name Manapat, Carlos L.
Relator term author
245 ## - TITLE STATEMENT
Title Economics, taxations, and agrarian reform /
Statement of responsibility, etc. Carlos L. Manapat, Fernando R. Pedrosa
250 ## - EDITION STATEMENT
Edition statement 2nd ed.
260 ## - PUBLICATION, DISTRIBUTION, ETC.
Place of publication, distribution, etc. Quezon City:
Name of publisher, distributor, etc. C & E Publishing,
Date of publication, distribution, etc. c2018.
300 ## - PHYSICAL DESCRIPTION
Extent xii, 305p.;
Other physical details ill.
504 ## - BIBLIOGRAPHY, ETC. NOTE
Bibliography, etc. note Includes references and index
541 ## - IMMEDIATE SOURCE OF ACQUISITION NOTE
Accession number 5716
650 ## - SUBJECT ADDED ENTRY--TOPICAL TERM
Topical term or geographic name entry element Economics
650 ## - SUBJECT ADDED ENTRY--TOPICAL TERM
Topical term or geographic name entry element Taxation
650 ## - SUBJECT ADDED ENTRY--TOPICAL TERM
Topical term or geographic name entry element Land reform
700 ## - ADDED ENTRY--PERSONAL NAME
Personal name Pedrosa, Fernando R.
Relator term Author
Holdings
Withdrawn status Lost status Source of classification or shelving scheme Damaged status Not for loan Home library Current library Date acquired Total Checkouts Full call number Barcode Date last seen Copy number Price effective from Koha item type
    Dewey Decimal Classification     ctu-moalboal ctu-moalboal 01/14/2019   Fil. 338.9 M226 2018 5716 01/26/2023 1 01/26/2023 Books-Filipiniana